000 01155cam a22003134a 4500
001 11836150
005 20160208185419.0
008 991105s2000 paua b 001|0 eng c
010 _a 99057484
020 _a0683307193
035 _a(DNLM)100899938
040 _aDNLM/DLC
_cLCC
_dLCC
042 _apcc
050 0 0 _aRC280.G5
_bP73 2000
060 1 0 _aWP 145
_bP895 2000
082 0 0 _a616.99/465
_221
245 0 0 _aPractical gynecologic oncology /
_c[edited by] Jonathan S. Berek, Neville F. Hacker ; illustrations by Timothy Hengst.
250 _a3rd ed.
260 _aPhiladelphia :
_bLippincott Williams & Wilkins,
_cc2000.
300 _axix, 937 p. :
_bill. (some col.) ;
_c29 cm.
504 _aIncludes bibliographical references and index.
650 0 _aGenerative organs, Female
_xCancer.
650 1 2 _aGenital Neoplasms, Female.
700 1 _aBerek, Jonathan S.
700 1 _aHacker, Neville F.
906 _a7
_bcbc
_corignew
_d1
_eocip
_f19
_gy-gencatlg
942 _2lcc
_cBOOKS
999 _c10419
_d10419